Statistics for WWE 2015 Slammy Award Winner Quiz

Click here to take the quiz!

General Stats

  • This quiz has been taken 142 times
  • The average score is 5 of 10

Answer Stats

AwardWrestler% Correct
Superstar of the YearSeth Rollins
88%
Diva of the YearNikki Bella
62%
The Hero in All of Us AwardJohn Cena
57%
Tag Team of the YearThe Usos
55%
Extreme Moment of the YearRoman Reigns levels Triple H at TLC
48%
Match of the YearThe Undertaker vs Brock Lesnar (HIAC)
41%
Breakout Star of the YearNeville
39%
LOL! Moment of the YearR-Truth
35%
The OMG Shocking Moment of the YearKalisto's Salida Del Sol from the top of a ladder through a ladder at TLC
29%
"This is Awesome!" Moment of the YearThe Rock and Ronda Rousey
18%

Score Distribution

Percentile by Number Answered

Percent of People with Each Score

Your Score History

You have not taken this quiz